Increasing the oxidative stress response allows escherichia coli to overcome inhibitory effects of condensed tannins /

Gespeichert in:
Bibliographische Detailangaben
1. Verfasser: Smith, Alexandra H.
Weitere Verfasser: Imlay, James A., Mackie, Roderick I.
Format: Artikel
Sprache:English
Schlagworte:
Tags: Tag hinzufügen
Keine Tags, Fügen Sie den ersten Tag hinzu!
Thư viện lưu trữ: Thư viện Trường Đại học Đà Lạt
LEADER 00999nam a2200313 4500
001 DLU090092432
005 ##20091201
040 # # |a DLU  |b eng 
041 # # |a eng 
044 # # |a us 
100 # # |a Smith, Alexandra H.  
245 # # |a Increasing the oxidative stress response allows escherichia coli to overcome inhibitory effects of condensed tannins /  |c Alexandra H. Smith, James A. Imlay, Roderick I. Mackie. 
653 # # |a Acacia mearnsii 
653 # # |a Escherichia coli  
653 # # |a Polyphenols  
653 # # |a Tannins  
653 # # |a Toxicity  
700 # # |a Imlay, James A. 
700 # # |a Mackie, Roderick I. 
773 # # |t Applied and Environmental Microbiology  |g Vol. 69, no. 6 (June 2003), p. 3406-3411 
920 # # |a Phòng Tạp chí -- Trung tâm Thông tin - Thư viện Trường Đại học Đà Lạt 
994 # # |a DLU 
900 # # |a True 
911 # # |a Trương Bảo Trâm Anh 
925 # # |a G 
926 # # |a A 
927 # # |a BB 
980 # # |a Thư viện Trường Đại học Đà Lạt